| 000 | 00320nam a2200097Ia 4500 | ||
|---|---|---|---|
| 082 | _a741.5967 ZAPI | ||
| 245 | 0 | _aThe last sushi : cartoons from Mail & Guardian, Sunday Times and The Times | |
| 100 |
_a ZAPIRO Auckland Park, South Africa, 2011 _925348 |
||
| 942 | _cBK | ||
| 008 | 210817s9999 xx 000 0 und d | ||
| 999 |
_c206250 _d206249 |
||